|
|
|
|
| LEADER |
00000nam a2200000 a 4500 |
| 001 |
vtls009461895 |
| 003 |
SK-MaSNL |
| 005 |
20260301082004.0 |
| 008 |
240315s2008 xo odl d p 000 0 slo |
| 015 |
|
|
|a SNBA2009/02-00589
|
| 020 |
|
|
|a 9788089363087
|q (brož.)
|
| 035 |
|
|
|a 90F6A235-9598-4D53-AB56-8892EBD6C271
|
| 035 |
|
|
|a urn:nbn:sk:snk-aml6ac
|
| 035 |
|
|
|a urn:nbn:sk:snk-am008usz
|
| 040 |
|
|
|a SNK
|b slo
|c SNK
|e AACR2
|
| 041 |
0 |
|
|a slo
|
| 044 |
|
|
|a xo
|c SK
|
| 072 |
|
7 |
|a 34
|x Právo
|2 konspekt
|
| 072 |
|
7 |
|a 37.016
|x Učebné osnovy. Vyučovacie predmety. Učebnice
|2 konspekt
|
| 080 |
|
|
|a 340.68
|2 2001
|
| 080 |
|
|
|a (075.8)
|2 2001
|
| 100 |
1 |
|
|a Bradáč, Albert,
|d 1940-
|4 aut
|9 92737
|
| 245 |
1 |
0 |
|a Súdne inžinierstvo
|c Albert Bradáč, Viktor Porada a kolektív
|
| 250 |
|
|
|a [1. vyd.]
|
| 260 |
|
|
|a Bratislava
|b Bratislavská vysoká škola práva
|a Žilina
|b Poradca podnikateľa
|c 2008
|
| 300 |
|
|
|a 184 s.
|b fotogr., grafy, tab.
|c 21 cm
|
| 490 |
1 |
|
|a Eurokódex
|
| 500 |
|
|
|a Miesto vyd. podľa ISBN
|
| 504 |
|
|
|a Bibliogr. s. 179-181
|
| 650 |
0 |
7 |
|a súdne inžinierstvo
|2 SNKPH
|9 2629
|
| 650 |
0 |
7 |
|a Forensic engineering
|2 SNKPHeng
|9 337406
|
| 655 |
|
7 |
|a učebnice vysokých škôl
|2 SNKPH
|9 70191
|
| 655 |
|
7 |
|a Textbooks (higher)
|2 SNKPHeng
|9 276436
|
| 700 |
1 |
|
|a Porada, Viktor,
|d 1943-
|4 aut
|9 105136
|
| 700 |
1 |
|
|a Nič, Milan,
|d 1946-
|4 aut
|9 228870
|
| 700 |
1 |
|
|a Bradáč, Albert
|4 aut
|9 391921
|
| 810 |
2 |
|
|a Bratislavská vysoká škola práva.
|b Fakulta práva
|t Eurokódex
|9 406168
|
| 852 |
|
|
|a Štátna vedecká knižnica v Banskej Bystrici
|
| 919 |
|
|
|a 978-80-89363-08-7
|
| 958 |
|
|
|a NB
|
| 958 |
|
|
|a OND
|
| 968 |
|
|
|d 34
|
| 999 |
|
|
|c 657372
|d 659302
|
| 952 |
|
|
|a SNK
|b SNK
|y PREZ
|7 0
|p 17A0607656
|o snkSC 134045
|i snk2009/307
|8 0
|0 0
|1 0
|4 0
|d 2009-01-16
|f 1
|l 0
|r 2025-06-30 00:00:00
|w 2026-02-23
|
| 952 |
|
|
|a SNK
|b SNK
|y VYP
|7 0
|p 17A0612899
|o snkSC 134045 D1
|i snk2009/3958
|8 0
|0 0
|1 0
|4 0
|d 2009-02-27
|l 0
|r 2026-02-23 18:42:22
|w 2026-02-23
|